000 00485nam a22001457a 4500
008 150327b xxu||||| |||| 00| 0 eng d
050 _aBD175.H65
100 _aHorowitz, I. L.
_916701
245 _aPhilosophy, science and the sociology of knowledge
_c/by Irving Louis Horowitz
260 _aIlinois
_bCharles Thomas
_c1961
300 _axi,169p. ;
_c24cm.
440 _aAmerican lecture series
_nno.442
_916702
650 _aKnowledge, sociology of
_99945
942 _2lcc
_cMONOGRAPH
999 _c122530
_d122530